000 005910000a22001810004500
003 MACL
005 20160220160615.0
008 160220b xxu||||| |||| 00| 0 eng d
040 _aMACL
_cMACL
041 _aHindi
082 _a400
100 _aजोलवाणी डॉ. मोतीलाल
_939281
245 _aसिन्‍धी भाषा लिपि और साहित्‍य
260 _bराष्‍ट्रभाषा प्रकाशन
_c1978
_aनई दिल्‍ली
350 _a20
650 _aLanguage
_939282
942 _cHIN
_k400
_2ddc
999 _c27672
_d27672